000 00339nam a2200145Ia 4500
008 230718s9999 xx 000 0 und d
041 _aEng.
082 _a657
_bPRO-A
100 _aProfessional
245 0 _aAccenting for Business
260 _aPakistan
_bProfessional Education
_c2005
300 _a582
650 _aLaw
999 _c27196
_d27196